| 000 | 01047nam a22002897a 4500 | ||
|---|---|---|---|
| 999 |
_c16769 _d16769 |
||
| 003 | AR-CdUCM | ||
| 008 | 190506b ||||| |||| 00| 0 spa d | ||
| 040 |
_aMUNICIPALIDAD PROVINCIAL DEL CUSCO _cBIBLIOTECA MUNICIPAL DEL CUSCO |
||
| 041 | _heng. | ||
| 082 |
_a540 / _bSW98 |
||
| 100 |
_aSwanson, Carl P. _920193 |
||
| 245 | _aCitogenetica / | ||
| 260 |
_aMéxico ; _bHispano Americana, _c1968. |
||
| 300 |
_a321 paginas ; _c18 cm. |
||
| 440 |
_aManuales UTEHA _nN° 310 _936418 |
||
| 500 | _aTitulo original : Cytogenetics | ||
| 505 | _aContenido : Fundamentos de la genética moderna -- Principios básicos de la citogenetica --- Arquitectura del cromosoma -- Episomas -- Transmisión y continuidad -- Meyosis... | ||
| 650 |
_aGenética _95063 |
||
| 650 |
_aCiencias naturales _910176 |
||
| 650 |
_aQuímicos _920944 |
||
| 650 |
_aCromosomas _936419 |
||
| 700 |
_aMerz, Timothy _936420 |
||
| 700 |
_aYoung, William _936421 |
||
| 700 |
_aMoreno Cañadas, Carlos (Traducción) _924255 |
||
| 942 |
_2ddc _cLIBROS |
||
| 945 |
_awnts _d2019-05-6 |
||